La educación en España y en la Comunidad Económica Europea
Guardat en:
| Autors principals: | , , |
|---|---|
| Format: | Llibre |
| Idioma: | espanyol |
| Publicat: |
Madrid
Ministerio de Educación y Ciencia
1981
|
| Col·lecció: | Colección Estudios de Educación
|
| Matèries: | |
| Etiquetes: |
Afegir etiqueta
Sense etiquetes, Sigues el primer a etiquetar aquest registre!
|
MARC
| LEADER | 00000nam a2200000 a 4500 | ||
|---|---|---|---|
| 001 | UCZ8166 | ||
| 003 | CL-VaPUC | ||
| 008 | 960112e19810000SP |||||||||||||||||spa|d | ||
| 082 | 0 | 4 | |a 371.3 |b TEN |2 21 |
| 100 | 0 | |a Tena Artigas, Joaquín |e author |9 353360 | |
| 700 | 0 | |a Cordero Pascual, Luis |e author |9 353361 | |
| 700 | 0 | |a Díaz Jares, José Luis |e author |9 353362 | |
| 245 | 1 | 3 | |a La educación en España y en la Comunidad Económica Europea |
| 300 | |a 118 p | ||
| 942 | |c BK | ||
| 945 | |d 19960112 00:00:00 |a lriquelm | ||
| 260 | |a Madrid |b Ministerio de Educación y Ciencia |c 1981 | ||
| 650 | 0 | |a Métodos de enseñanza |9 270413 | |
| 650 | 0 | |a Investigación educacional |9 261192 | |
| 650 | 0 | |a Sistemas educacionales |9 324695 | |
| 650 | 0 | |a Estado y educación |9 311264 | |
| 650 | 0 | |a Gestión educacional |9 261035 | |
| 583 | |a last modification |c 19960112 00:00:00 |k Rodrigo Vera | ||
| 490 | 0 | |a Colección Estudios de Educación | |
| 999 | |c 244118 |d 244116 | ||
| 952 | |0 0 |1 0 |4 0 |6 371_300000000000000_TEN_1981 |7 0 |8 P |9 258069 |a BIBEDU |b BIBEDU |c BIBEDU_PB |d 2019-11-19 |i 1616498 |o 371.3 TEN 1981 |p 1616498 |r 2024-01-25 |w 2019-11-19 |y BK |k EDU | ||